Hodnotenie vývoja jednotlivých indikátorov a implementácie prostriedkov z eurofondov

Hodnotenie splnenia stanovených cieľov v súvislosti s ukončením prvého programovacieho obdobia. Vyhodnotenie cieľa rámca podpory Spoločenstva (CSF). Vplyv vývoja na podnikateľské subjekty. Vyhodnotenie čerpania finančnej pomoci (zo štrukturálnych fondov a štátneho rozpočtu).

Salvato in:
Dettagli Bibliografici
Autore principale: Hricová, Mária
Natura: Capitolo di libro
Lingua:slovacco
Soggetti:
Tags: Aggiungi Tag
Nessun Tag, puoi essere il primo ad aggiungerne!!

MARC

LEADER 00000nla$a2200000$$$4500
001 0087486
005 20240502072000.3
041 0 |a slo 
044 |a SK 
245 1 0 |a Hodnotenie vývoja jednotlivých indikátorov a implementácie prostriedkov z eurofondov  |c Mária Hricová 
520 |a Hodnotenie splnenia stanovených cieľov v súvislosti s ukončením prvého programovacieho obdobia. Vyhodnotenie cieľa rámca podpory Spoločenstva (CSF). Vplyv vývoja na podnikateľské subjekty. Vyhodnotenie čerpania finančnej pomoci (zo štrukturálnych fondov a štátneho rozpočtu). 
610 2 0 |a financie 
610 2 0 |a rozpočty verejné 
610 2 0 |a fondy štruktúrne 
610 2 0 |a podnikatelia 
610 2 0 |a podnikanie 
610 2 0 |a rozvoj regionálny 
610 2 0 |a zamestnanosť 
610 2 0 |a Európska únia 
610 2 0 |a Slovensko 
100 1 |a Hricová, Mária